Financial markets and institutions (Record no. 589435)

MARC details
000 -LEADER
fixed length control field 00759nam a2200265Ia 4500
003 - CONTROL NUMBER IDENTIFIER
control field OSt
005 - DATE AND TIME OF LATEST TRANSACTION
control field 20220925231759.0
008 - FIXED-LENGTH DATA ELEMENTS--GENERAL INFORMATION
fixed length control field 220923b |||||||| |||| 00| 0 ger d
037 ## - SOURCE OF ACQUISITION
Terms of availability General Book
040 ## - CATALOGING SOURCE
Original cataloging agency RTL
Transcribing agency RTL
Language of cataloging ger
041 ## - LANGUAGE CODE
Source of code ger
Language code of text/sound track or separate title ger
100 ## - MAIN ENTRY--PERSONAL NAME
Personal name Mishkin Frederic S
9 (RLIN) 231619
245 #0 - TITLE STATEMENT
Title Financial markets and institutions
250 ## - EDITION STATEMENT
Edition statement Ed 3rd
260 ## - PUBLICATION, DISTRIBUTION, ETC.
Place of publication, distribution, etc. Massachasetts
Name of publisher, distributor, etc. Addison Wesley
Date of publication, distribution, etc. 2000
300 ## - PHYSICAL DESCRIPTION
Extent xxxvii,697p
Dimensions cm.
490 ## - SERIES STATEMENT
Series statement Addision- Wcslcy Series In Finance
650 ## - SUBJECT ADDED ENTRY--TOPICAL TERM
Topical term or geographic name entry element Savings Bank
700 ## - ADDED ENTRY--PERSONAL NAME
Personal name Eakins Stanley G
9 (RLIN) 244437
942 ## - ADDED ENTRY ELEMENTS (KOHA)
Classification part X64, P0
Koha item type General Books
Source of classification or shelving scheme Colon Classification (CC)
Holdings
Withdrawn status Lost status Damaged status Not for loan Home library Current library Date acquired Total Checkouts Full call number Barcode Date last seen Price effective from Koha item type
        Ratan Tata Library Ratan Tata Library 2022-09-25   X64 P0 RT1159184 2022-09-25 2022-09-25 General Books
Copyright @ Delhi University Library System